|
|
|
|
| LEADER |
00000nam0a2200000 4500 |
| 001 |
153755 |
| 005 |
20231101221720.0 |
| 010 |
|
|
|a 9785911807337
|
| 035 |
|
|
|a (RuTPU)RU\TPU\book\166796
|
| 090 |
|
|
|a 153755
|
| 100 |
|
|
|a 20090216d2008 m y0rusy50 ca
|
| 101 |
0 |
|
|a rus
|
| 102 |
|
|
|a RU
|
| 105 |
|
|
|a a j 000zy
|
| 200 |
1 |
|
|a Банковское дело
|f под ред. Г. Н. Белоглазовой, Л. П. Кроливецкой
|
| 205 |
|
|
|a 2-е изд.
|
| 210 |
|
|
|a Спб.
|c Питер
|d 2008
|
| 215 |
|
|
|a 400 с.
|c ил.
|
| 225 |
1 |
|
|a Учебник для вузов
|
| 330 |
|
|
|a Рассматриваются основные направления банковской деятельности, подробно характеризуются услуги, которые банки предоставляют предприятиям и организациям всех отраслей хозяйства. Освещаются вопросы формирования инвестиционного портфеля в банках, участия банков в операциях на валютном рынке, методы управления банковскими рисками и ликвидностью банка. Во втором издании учебника отражены все наиболее существенные изменения в российской банковской практике и регулировании банковской деятельности, которые произошли в последнее время. Наиболее существенной переработке подверглись главы, посвященные операциям банков на финансовых рынках, управлению банковскими рисками и ликвидностью коммерческого банка. Учебник предназначен для студентов экономических факультетов и экономических вузов, обучающихся по специальностям «Финансы и кредит», «Бухгалтерский учет и аудит», «Менеджмент», «Логистика», «Маркетинг», «Мировая экономика». Может быть использован при подготовке специалистов банковской системы банковскими школами и колледжами.
|
| 451 |
|
1 |
|0 (RuTPU)RU\TPU\book\120173
|y 978 5-279-02609-8
|t Банковское дело
|o учебник
|f Под ред. Г. Н. Белоглазовой, Л. П. Кроливецкой
|e 5-е изд., доп. и перераб.
|c М.
|n Финансы и статистика
|d 2007
|p 592 с.
|
| 606 |
1 |
|
|a Банковское дело
|2 stltpush
|3 (RuTPU)RU\TPU\subj\35903
|9 84550
|
| 610 |
1 |
|
|a банки
|
| 610 |
1 |
|
|a коммерческие банки
|
| 610 |
1 |
|
|a банковский капитал
|
| 610 |
1 |
|
|a безналичные расчеты
|
| 610 |
1 |
|
|a клиенты
|
| 610 |
1 |
|
|a интернет-банкинг
|
| 610 |
1 |
|
|a телефонный банкинг
|
| 610 |
1 |
|
|a платежные карты
|
| 610 |
1 |
|
|a кассовое обслуживание
|
| 610 |
1 |
|
|a депозитные услуги
|
| 610 |
1 |
|
|a банковское кредитование
|
| 610 |
1 |
|
|a вексельные кредиты
|
| 610 |
1 |
|
|a факторинг
|
| 610 |
1 |
|
|a ипотечные кредиты
|
| 610 |
1 |
|
|a потребительские кредиты
|
| 610 |
1 |
|
|a банковские риски
|
| 610 |
1 |
|
|a бухгалтерский учет
|
| 610 |
1 |
|
|a банковский маркетинг
|
| 610 |
1 |
|
|a учебники
|
| 686 |
|
|
|a У9(2)262.10я73
|v LBC/SL-A
|2 rubbk
|
| 702 |
|
1 |
|a Белоглазова
|b Г. Н.
|g Галина Николаевна
|4 340
|
| 702 |
|
1 |
|a Кроливецкая
|b Л. П.
|g Людмила Павловна
|4 340
|
| 801 |
|
1 |
|a RU
|b 63413507
|c 20090216
|g PSBO
|
| 801 |
|
2 |
|a RU
|b 63413507
|c 20230620
|g PSBO
|
| 900 |
|
|
|a Банковское дело
|
| 900 |
|
|
|a Финансы и кредиты
|
| 900 |
|
|
|a Финансы, денежное обращение, кредит
|
| 942 |
|
|
|c BK
|
| 959 |
|
|
|a 49/20090413
|d 5
|e 231,00
|f УФ:5
|